Business and investment guide : Brunei Darussalam.
| Format: | Book |
|---|---|
| Published: |
Brunei Darussasalm:
Promotion and Entrepreneurial Development Division,
2006.
|
| Subjects: |
| LEADER | 00510cam a2200145 7i4500 | ||
|---|---|---|---|
| 001 | 0000022927 | ||
| 005 | 20090618090000.0 | ||
| 090 | 0 | 0 | |a BRUN 338.7 |b BUS |
| 245 | 0 | 0 | |a Business and investment guide : |b Brunei Darussalam. |
| 260 | 0 | 0 | |a Brunei Darussasalm: |b Promotion and Entrepreneurial Development Division, |c 2006. |
| 300 | # | # | |a 127 p. |
| 650 | 0 | 0 | |a Investments -- |z Brunei Darussalam |
| 650 | 0 | 0 | |a Business -- |z Brunei Darussalam |
| 651 | 0 | 0 | |a Brunei Darussalam |
| 999 | |a 0000022763 |b Book |c Countries |e Business Information Centre | ||